Laddyrinth Adventure II Quiz Stats

Quiz Updated Jul 2, 2013

Challenge
Share
Tweet
Embed
Score 0/190 Timer 20:00
0 Plays Today
% Correct
The final frontier
97.7%
An extra tire
97.5%
Nutmeg, e.g.
97.5%
Mushroom seed
93.1%
Tennis or Hockey, e.g.
92.9%
Look at fixedly
92.9%
Old and flavorless
92.8%
'Ironman' Tony
92.7%
Delay
92.2%
Inhale cocaine
92.1%
Girl in Wonderland
91.7%
Hook's opposite in golf
91.7%
Pig's nose
91.3%
▲ ALICE ▲
91.2%
SPARE
90.7%
'None __ pass!':Black Knight
90.7%
STARE
90.2%
SNORT
90.2%
SPICE
89.9%
Planted customer lure
89.9%
SPORT
89.6%
Lack of warmth
89.1%
SPACE
89%
SNOUT
88.8%
Χ~Χ Found: ★REIN★ Χ~Χ~Χ
88.8%
Santiago's home
88.3%
SHALL
88.1%
Χ~Χ~Χ~Χ ●PLACARD● Χ~Χ~Χ
88.1%
STALE
87.7%
SPORE
87.4%
SLICE
86.5%
STALL
84.9%
▲ STARK ▲
83.7%
←●SMALL CRANNY● Χ~Χ~Χ
83.7%
Χ~Χ~Χ~Χ~Χ~Χ~Χ~Χ~Χ~Χ~Χ
78.2%
Χ~Χ~Χ~Χ~Χ~Χ~Χ~Χ~Χ~Χ~Χ
76.8%
Chef Julia
73.3%
Onion relative
73%
CHILL
71.4%
CHILE
71.3%
▲ CHILD ▲
69.6%
Χ~Χ~Χ~Χ~Χ~Χ~Χ~Χ~Χ~Χ~Χ
68.4%
Χ~Χ~Χ~Χ~Χ~Χ~Χ~Χ~Χ~Χ~Χ
67.2%
SHILL
59.2%
CHIVE
57.7%
Χ~Χ Found: ★STAKE★ Χ~Χ
57.7%
Χ~Χ~Χ~Χ~Χ~Χ~Χ~Χ~Χ~Χ~Χ
56%
Χ~Χ~Χ~Χ~Χ~Χ~Χ~Χ~Χ~Χ~Χ
55.4%
Χ~Χ~Χ~Χ~Χ~Χ~Χ~Χ~Χ~Χ~Χ
55.3%
Χ~Χ~Χ~Χ~Χ~Χ~Χ~Χ~Χ~Χ~Χ
54.8%
Χ~Χ~Χ~Χ~Χ~Χ~Χ~Χ~Χ~Χ~Χ
54.8%
Χ~Χ~Χ~Χ~Χ~Χ~Χ~Χ~Χ~Χ~Χ
50.1%
Χ~Χ~Χ~Χ~Χ~Χ~Χ~Χ~Χ~Χ~Χ
47.1%
Χ~Χ~Χ~Χ~Χ~Χ~Χ~Χ~Χ~Χ~Χ
46.7%
Χ~Χ~Χ~Χ~Χ~Χ~Χ~Χ~Χ~Χ~Χ
46.7%
Deadly
45.7%
Χ~Χ~Χ~Χ~Χ~Χ~Χ~Χ~Χ~Χ~Χ
45.6%
Flower part
45.2%
Relating to the unborn
45.1%
Relating to prisons
44.5%
Bicycle propeller
44.5%
Of the kidneys
44.4%
Suited for a king
44.4%
PETAL
44%
% Correct
PEDAL
43.8%
Χ~ Found: ★MAGPIE★ Χ~Χ
43.8%
Daughter of King Lear
43.6%
Avoider of meat and more
43.3%
Showed an old TV show
43.3%
▲ VEGAN ▲
43%
PENAL
43%
RENAL
42.9%
FETAL
42.6%
FATAL
42.1%
REGAL
42.1%
Χ~Χ~Χ~Χ~Χ~Χ~Χ~Χ~Χ~Χ~Χ
41.7%
Χ~Χ~Χ~Χ~Χ~Χ~Χ~Χ~Χ~Χ~Χ
41.4%
REGAN
41.4%
Χ~Χ~Χ~Χ~Χ~Χ~Χ~Χ~Χ~Χ~Χ
41.3%
RERAN
40.7%
Χ~Χ Found: ★CLUB★ Χ~Χ~Χ
40.7%
Χ~Χ~Χ~Χ~Χ~Χ~Χ~Χ~Χ~Χ~Χ
40.7%
Place for a pirate's treasure
35.8%
CHEAT
35.2%
CHEST
35.2%
Χ~Χ~ Found: ★BANJO★ Χ~Χ
35.2%
A fold in cloth
35.1%
Athletic shoe spike
35.1%
Copy someone's exam
35.1%
CLEAT
34.5%
Χ~Χ~Χ~ ●BOULDER● Χ~Χ~Χ
34.2%
DREAM
34.2%
CREAM
34.1%
Sleeping vision
34.1%
Coffee lightener
34.1%
Floorboard sound
34.1%
CREAK
34%
Χ~Χ~ Found: ★BERYL★ Χ~Χ
34%
PLEAT
32.4%
Χ~Χ~Χ~Χ ●POSTER● Χ~Χ~Χ
32.4%
Color of snow
31%
Hackneyed and boring
30.7%
Dirt covering a surface
30.7%
Use a pencil
30.6%
A dried plum
30.6%
An overly modest woman
30.6%
Like 2 and 3, but not 4
30.6%
Lying face down
30.5%
Cree or Pequot, e.g.
30.5%
A group of lions
30.4%
'___ You Were Sleeping'
30.4%
GRAPE
30.4%
PRIDE
30.4%
Χ~Χ~Χ~Χ ●SIGN● Χ~Χ~Χ~Χ
30.4%
Moby-Dick, e.g.
30.3%
Χ~Χ~Χ ●NOTICE● Χ~Χ~Χ~Χ
30.3%
WHITE
30.3%
A withered old witch
30.2%
Short mealtime prayer
30.1%
Fruit that becomes wine
30.1%
Complaint
30.1%
PRUNE
30%
PRIME
30%
Money for influence
30%
GRIPE
29.9%
WRITE
29.9%
GRIME
29.8%
WHILE
29.7%
% Correct
SHALE
29.5%
PRONE
29.4%
PRUDE
29.4%
WHALE
29.1%
GRACE
29.1%
▲ CRONE ▲
29%
With 'The,' Uma in Kill Bill
28%
BRIBE
26.9%
▲ BRIDE ▲
26.4%
TRITE
25.3%
Χ~Χ~Χ~Χ ●TREE● Χ~Χ~Χ~Χ
24.1%
TRIBE
24.1%
A numbered highway
22.4%
Makeup for cheeks
22.4%
Coarse or wild
22.4%
Cogitate or ponder
22.4%
Express gratitude to
22.4%
Scottish lord
22.4%
Oil-bearing rock
22.1%
Become dry or scorched
22.1%
Alan Ladd western
22%
Material to mend a hole
21.9%
THANK
21.8%
A veranda
21.7%
'Whooping ___'
21.7%
Sofa relative
21.7%
A small drawstring bag
21.6%
Opening on a ship
21.6%
PORCH
21.5%
COUCH
21.5%
COUGH
21.5%
Χ~Χ~Χ~Χ~ ●GNEISS● Χ~Χ~Χ
21.3%
THINK
21.3%
POUCH
21.2%
ROUGH
21.2%
ROUGE
21.2%
PARCH
20.7%
THANE
20.2%
PATCH
20.2%
ROUTE
20.1%
▲ HATCH ▲
20.1%
SHANE
19.8%
Toxic nerve gas
14.6%
Columbus' 'Santa ___'
14.6%
Language of Caesar
14.6%
California County
14.5%
Morning, in French
14.5%
Italian crime syndicate
14.5%
Lustrous silken fabric
14.5%
LATIN
14.4%
▲ MAFIA ▲
14.4%
The Devil
14.2%
MARIA
14.2%
▲ SATAN ▲
14%
MATIN
13.8%
MARIN
13.7%
SATIN
13.5%
SARIN
13.1%
Χ~Χ~Χ~Χ ●PEBBLE● ~Χ~Χ~Χ
13.1%
Χ~Χ Found: ★TYMPANI★ Χ~
12.4%
Χ~Χ Found: ★CROWN★ Χ~Χ
11.7%
Χ~Χ~Χ ★YOU WIN!★ Χ~Χ~Χ
9.2%

You're not logged in!

Compare scores with friends on all Sporcle quizzes.
Sign Up with Email
OR
Log In

You Might Also Like...

Show Comments

Extras

Top Quizzes Today


Score Distribution

Your Account Isn't Verified!

In order to create a playlist on Sporcle, you need to verify the email address you used during registration. Go to your Sporcle Settings to finish the process.